00314nam a2200133Ia 4500003000400000005001700004008004100021020001300062040002000075100001800095245003600113260002200149260000900171OSt20231204105407.0170523s9999 xx 000 0 und d a74633015 cIIMT UNIVERSITY aVENNERS- BILL 0aINSIDE THE JAVA VIRTUAL MACHINE bTATA MC GRAW HILL c1998